[Event "2. Bundesliga Mitte 2012/2013"]
[Site "Bad Schallerbach"]
[Date "2012.10.19"]
[Round "1"]
[Board "1"]
[White "Wittmann, Walter"]
[Black "Kozul, Zdenko"]
[Result "1-0"]
[WhiteElo "2245"]
[BlackElo "2621"]
[PlyCount "63"]
[EventDate "2012.10.19"]
[EventType "team"]
[EventRounds "11"]
[EventCountry "AUT"]
[WhiteTeam "Union Styria Graz"]
[BlackTeam "Schachverein Wolfsberg"]

1. e4 c5 2. Nf3 Nc6 3. d4 cxd4 4. Nxd4 Qb6 5. Nb3 Nf6 6. Nc3 e6 7. Bd3 Be7 8.
O-O O-O 9. Kh1 a6 10. f4 d6 11. Qf3 Qc7 12. Bd2 b5 13. Rae1 b4 14. Ne2 a5 15.
Ned4 Nxd4 16. Nxd4 Ba6 17. e5 dxe5 18. fxe5 Bxd3 19. exf6 Bxf1 20. fxe7 Bxg2+
21. Qxg2 Qxe7 22. c3 Qd7 23. Bh6 g6 24. Bxf8 Rxf8 25. Qc6 Qe7 26. Qe4 bxc3 27.
bxc3 Rc8 28. Re3 Qd7 29. Kg2 Qa4 30. Qb1 Rc5 31. Qb8+ Kg7 32. Nxe6+ 1-0

[Event "2. Bundesliga Mitte 2012/2013"]
[Site "Bad Schallerbach"]
[Date "2012.10.19"]
[Round "1"]
[Board "2"]
[White "Stevic, Hrvoje"]
[Black "Manhardt, Thomas"]
[Result "1-0"]
[WhiteElo "2616"]
[BlackElo "2152"]
[PlyCount "59"]
[EventDate "2012.10.19"]
[EventType "team"]
[EventRounds "11"]
[EventCountry "AUT"]
[WhiteTeam "Schachverein Wolfsberg"]
[BlackTeam "Union Styria Graz"]

1. e4 c5 2. d3 d5 3. exd5 Qxd5 4. Nc3 Qd8 5. Nf3 e6 6. g3 Ne7 7. Bg2 Nf5 8. O-O
Nc6 9. Ne4 Be7 10. c3 h5 11. a3 a5 12. a4 f6 13. Qe2 e5 14. Nfd2 Be6 15. Nc4
Rc8 16. f4 O-O 17. fxe5 fxe5 18. Nf2 h4 19. g4 Bxc4 20. dxc4 Nd6 21. Be3 b6 22.
Rad1 Qe8 23. Ne4 Qg6 24. Rxf8+ Bxf8 25. Nxd6 Bxd6 26. Bd5+ Kh8 27. Qf3 Ne7 28.
Be4 Qe6 29. g5 Kg8 30. g6 1-0

[Event "2. Bundesliga Mitte 2012/2013"]
[Site "Bad Schallerbach"]
[Date "2012.10.19"]
[Round "1"]
[Board "3"]
[White "Schriebl, Alexander"]
[Black "Jovanovic, Zoran"]
[Result "0-1"]
[WhiteElo "2086"]
[BlackElo "2516"]
[PlyCount "42"]
[EventDate "2012.10.19"]
[EventType "team"]
[EventRounds "11"]
[EventCountry "AUT"]
[WhiteTeam "Union Styria Graz"]
[BlackTeam "Schachverein Wolfsberg"]

1. d4 d6 2. c4 e5 3. Nf3 e4 4. Ng5 f5 5. g3 Be7 6. Nh3 Nf6 7. Bg2 c6 8. Nc3 Na6
9. O-O Nc7 10. d5 cxd5 11. cxd5 b5 12. f3 O-O 13. b4 a5 14. Rb1 axb4 15. Rxb4
Bd7 16. Rb1 Na6 17. Nxb5 Qb6+ 18. Kh1 Bxb5 19. Qb3 Rfb8 20. a4 Nc5 21. Qxb5 Qd8
0-1

[Event "2. Bundesliga Mitte 2012/2013"]
[Site "Bad Schallerbach"]
[Date "2012.10.19"]
[Round "1"]
[Board "5"]
[White "Stagl, Marco"]
[Black "Waldmann, Gerald"]
[Result "1-0"]
[WhiteElo "2079"]
[BlackElo "2166"]
[PlyCount "53"]
[EventDate "2012.10.19"]
[EventType "team"]
[EventRounds "11"]
[EventCountry "AUT"]
[WhiteTeam "Union Styria Graz"]
[BlackTeam "Schachverein Wolfsberg"]

1. d4 Nf6 2. c4 c5 3. d5 b5 4. Nf3 g6 5. cxb5 a6 6. bxa6 Bxa6 7. Nc3 Bg7 8. e4
Bxf1 9. Kxf1 d6 10. g3 Nbd7 11. Kg2 O-O 12. Qe2 Qa5 13. Bd2 Rfb8 14. Rab1 Rb7
15. Rhc1 Rab8 16. Be1 Qa8 17. Rc2 Ne8 18. b3 Nc7 19. Rd1 Nb5 20. Nxb5 Rxb5 21.
Bc3 f6 22. Nd2 R5b7 23. Nc4 Ra7 24. Qd2 Rb5 25. Qe2 Rb8 26. h4 Nb6 27. h5 1-0

[Event "2. Bundesliga Mitte 2012/2013"]
[Site "Bad Schallerbach"]
[Date "2012.10.19"]
[Round "1"]
[Board "6"]
[White "Toefferl, Heimo"]
[Black "Kozomara, David"]
[Result "1-0"]
[WhiteElo "2136"]
[BlackElo "1922"]
[PlyCount "107"]
[EventDate "2012.10.19"]
[EventType "team"]
[EventRounds "11"]
[EventCountry "AUT"]
[WhiteTeam "Schachverein Wolfsberg"]
[BlackTeam "Union Styria Graz"]

1. d4 Nf6 2. c4 c5 3. d5 b5 4. cxb5 a6 5. bxa6 Bxa6 6. g3 d6 7. Bg2 g6 8. Nc3
Bg7 9. Nf3 O-O 10. O-O Nbd7 11. Qc2 Nb6 12. Rd1 Qc7 13. e4 Nfd7 14. b3 Ne5 15.
Nxe5 Bxe5 16. Bb2 Rfb8 17. a3 Qb7 18. Rab1 Nd7 19. Ba1 Bg7 20. f4 Qa7 21. Kh1
Qc7 22. h3 Qa5 23. Bb2 Ra7 24. Na2 Bxb2 25. Qxb2 Rab7 26. Nc1 Nb6 27. Ra1 Nc4
28. Qf2 Qc3 29. Ra2 Ne3 30. Re1 Nxg2 31. Kxg2 e6 32. dxe6 fxe6 33. Rc2 Qa5 34.
e5 d5 35. Rxc5 Qxa3 36. Rc6 Re7 37. Qd2 Bb5 38. Rc2 Qa6 39. Kh2 Qb6 40. Na2 Ba6
41. Rb1 Reb7 42. Nc1 Bc4 43. Ra1 Bb5 44. Rca2 Rc7 45. g4 Rbc8 46. f5 exf5 47.
gxf5 d4 48. Ra8 gxf5 49. Nd3 Rxa8 50. Rxa8+ Kg7 51. Nf4 Qh6 52. Qg2+ Kf7 53.
Qg8+ Ke7 54. Qd8+ 1-0

[Event "2. Bundesliga Mitte 2012/2013"]
[Site "Bad Schallerbach"]
[Date "2012.10.19"]
[Round "1"]
[Board "1"]
[White "Rabiega, Robert"]
[Black "Tratar, Marko"]
[Result "1/2-1/2"]
[WhiteElo "2515"]
[BlackElo "2508"]
[PlyCount "126"]
[EventDate "2012.10.19"]
[EventType "team"]
[EventRounds "11"]
[EventCountry "AUT"]
[WhiteTeam "StrassenbahnGraz"]
[BlackTeam "Schachclub MPOE Maria Saal"]

1. e4 e6 2. d3 d5 3. Qe2 dxe4 4. dxe4 b6 5. Nf3 a5 6. Bf4 Ba6 7. Qd2 Qxd2+ 8.
Nbxd2 Bxf1 9. Rxf1 Na6 10. O-O-O Ne7 11. Nc4 Ng6 12. Bg3 f6 13. Nd4 e5 14. Nf5
Nc5 15. f3 Ne6 16. Bf2 Ngf4 17. g3 Nh3 18. Be3 g6 19. Nh4 Bc5 20. Bxc5 Nxc5 21.
f4 Nxe4 22. fxe5 f5 23. Ng2 Nhf2 24. Rde1 O-O-O 25. Nge3 h5 26. Ng2 Rhg8 27.
Nf4 Rde8 28. Nd3 Nh3 29. Nf4 Nxf4 30. gxf4 g5 31. fxg5 Rxg5 32. h4 Rg4 33. Ne3
Rxh4 34. Rxf5 Nc5 35. Nd5 Ne6 36. Rd1 Rh2 37. Rf7 Re2 38. Ne7+ Kb7 39. Nf5 Kb8
40. Rd5 Ng5 41. Rg7 Nf3 42. b3 R2xe5 43. Rdd7 Rc5 44. Nd6 Rh8 45. Ne4 Rc6 46.
Nf2 Ne5 47. Rd5 Ng6 48. Rg5 Nf4 49. Rg8+ Rxg8 50. Rxg8+ Kb7 51. Rf8 Ne6 52. Rh8
Nd4 53. c4 Rf6 54. Ne4 Rf4 55. Nc3 h4 56. Nd5 Rf1+ 57. Kb2 Rf2+ 58. Kc3 Ne2+
59. Kd2 Ng3+ 60. Kd3 Rxa2 61. Rxh4 Ne2 62. Rh7 Nc1+ 63. Kc3 Ne2+ 1/2-1/2

[Event "2. Bundesliga Mitte 2012/2013"]
[Site "Bad Schallerbach"]
[Date "2012.10.19"]
[Round "1"]
[Board "2"]
[White "Handler, Lukas"]
[Black "Grunberg, Mihai-Lucian"]
[Result "1/2-1/2"]
[WhiteElo "2369"]
[BlackElo "2426"]
[PlyCount "118"]
[EventDate "2012.10.19"]
[EventType "team"]
[EventRounds "11"]
[EventCountry "AUT"]
[WhiteTeam "Schachclub MPOE Maria Saal"]
[BlackTeam "StrassenbahnGraz"]

1. d4 f5 2. c4 Nf6 3. Nc3 g6 4. Nf3 Bg7 5. g3 O-O 6. Bg2 c6 7. O-O d6 8. b3 Na6
9. Rb1 Qe8 10. d5 Bd7 11. b4 Rc8 12. Nd2 g5 13. dxc6 Bxc6 14. Nd5 Nxd5 15.
Bxd5+ Bxd5 16. cxd5 Qf7 17. Nf3 h6 18. Rb3 Rc4 19. Be3 g4 20. Nh4 Nxb4 21. Bxa7
Ra8 22. a3 Nxd5 23. Rxb7 f4 24. e4 Rxe4 25. Qxg4 h5 26. Qf3 Ra4 27. Rxe7 Nxe7
28. Qxa8+ Kh7 29. Qb7 Bf6 30. Ng2 fxg3 31. fxg3 Rxa3 32. Nf4 Kg7 33. Kh1 Ra1
34. Rxa1 Bxa1 35. Qf3 h4 36. Qg4+ Ng6 37. Be3 Be5 38. Nxg6 Qxg6 39. Qxh4 Qb1+
40. Kg2 Qc2+ 41. Kh3 Qf5+ 42. Qg4+ Kf6 43. Qxf5+ Kxf5 44. Kg2 Ke4 45. Kf2 d5
46. Bh6 d4 47. h4 d3 48. h5 Bd4+ 49. Ke1 Kf3 50. Bf4 Bc3+ 51. Kd1 Kg4 52. h6
Kh5 53. Kc1 Kg4 54. Bd6 Bf6 55. Bf4 Bc3 56. Kd1 Kh5 57. Be3 Be5 58. Kd2 Bxg3
59. Kxd3 Kg6 1/2-1/2

[Event "2. Bundesliga Mitte 2012/2013"]
[Site "Bad Schallerbach"]
[Date "2012.10.19"]
[Round "1"]
[Board "3"]
[White "Supancic, Darko"]
[Black "Schachinger, Mario"]
[Result "1/2-1/2"]
[WhiteElo "2370"]
[BlackElo "2426"]
[PlyCount "83"]
[EventDate "2012.10.19"]
[EventType "team"]
[EventRounds "11"]
[EventCountry "AUT"]
[WhiteTeam "StrassenbahnGraz"]
[BlackTeam "Schachclub MPOE Maria Saal"]

1. d4 d5 2. Nf3 Nf6 3. Bf4 c5 4. e3 Nc6 5. c3 Qb6 6. Qb3 c4 7. Qc2 Bf5 8. Qc1
h6 9. Nbd2 e6 10. Be2 Be7 11. O-O O-O 12. Bd1 Bd3 13. Re1 Ne4 14. Bc2 Bxc2 15.
Qxc2 f5 16. Ne5 Nxe5 17. Bxe5 Nxd2 18. Qxd2 Bd6 19. Bf4 Qc6 20. f3 b5 21. Bxd6
Qxd6 22. e4 fxe4 23. fxe4 Rf7 24. exd5 exd5 25. Rf1 Re7 26. Rae1 Rae8 27. Rxe7
Qxe7 28. Qf2 Qe3 29. h3 a5 30. a3 Kh7 31. Qxe3 Rxe3 32. Rf5 Re2 33. Rf2 Re1+
34. Rf1 Re4 35. Rf5 Re2 36. Rf2 Re1+ 37. Rf1 Re3 38. Rf5 Re1+ 39. Rf1 Rxf1+ 40.
Kxf1 Kg6 41. Kf2 Kf5 42. Kf3 1/2-1/2

[Event "2. Bundesliga Mitte 2012/2013"]
[Site "Bad Schallerbach"]
[Date "2012.10.19"]
[Round "1"]
[Board "4"]
[White "Hartl, Daniel"]
[Black "Steiner, Stefan"]
[Result "1/2-1/2"]
[WhiteElo "2275"]
[BlackElo "2249"]
[PlyCount "62"]
[EventDate "2012.10.19"]
[EventType "team"]
[EventRounds "11"]
[EventCountry "AUT"]
[WhiteTeam "Schachclub MPOE Maria Saal"]
[BlackTeam "StrassenbahnGraz"]

1. d4 Nc6 2. d5 Ne5 3. e4 e6 4. f4 Ng6 5. dxe6 fxe6 6. Nc3 Bb4 7. Bd2 Nf6 8.
Qf3 O-O 9. O-O-O c6 10. Bd3 Ne8 11. Nh3 Ne5 12. Qg3 Nxd3+ 13. Qxd3 d5 14. a3
Be7 15. f5 dxe4 16. Qxd8 Bxd8 17. fxe6 Bxe6 18. Nxe4 b6 19. Nf4 Bg4 20. Rde1
Bc7 21. g3 Nf6 22. Ng5 Rfe8 23. h3 Bf5 24. g4 Be4 25. Nxe4 Nxe4 26. Nd3 Bg3 27.
Re2 Nxd2 28. Rxe8+ Rxe8 29. Kxd2 Bd6 30. Re1 Rxe1 31. Nxe1 Kf7 1/2-1/2

[Event "2. Bundesliga Mitte 2012/2013"]
[Site "Bad Schallerbach"]
[Date "2012.10.19"]
[Round "1"]
[Board "5"]
[White "Schink, Barbara"]
[Black "Ertl, Johann"]
[Result "1/2-1/2"]
[WhiteElo "2167"]
[BlackElo "2287"]
[PlyCount "140"]
[EventDate "2012.10.19"]
[EventType "team"]
[EventRounds "11"]
[EventCountry "AUT"]
[WhiteTeam "StrassenbahnGraz"]
[BlackTeam "Schachclub MPOE Maria Saal"]

1. e4 e6 2. d4 d5 3. Nc3 Bb4 4. e5 Qd7 5. a3 Bxc3+ 6. bxc3 b6 7. Qg4 f5 8. Qh5+
Qf7 9. Qxf7+ Kxf7 10. Nf3 h6 11. c4 dxc4 12. Bxc4 Ne7 13. Bb2 Rd8 14. Bb3 Nbc6
15. O-O-O Ba6 16. Ba2 Na5 17. Nd2 Nec6 18. c3 Bd3 19. f4 b5 20. Bb1 Bxb1 21.
Kxb1 Ne7 22. c4 bxc4 23. Rc1 Rab8 24. Nxc4 Nb3 25. Rcd1 Nxd4 26. Ka2 Ndc6 27.
g3 Nd5 28. Rc1 Nce7 29. Rhd1 Rb5 30. a4 Rb4 31. Ka3 Rdb8 32. Rd3 g5 33. fxg5
hxg5 34. Bd4 Nc6 35. Nd6+ cxd6 36. Rxc6 dxe5 37. Bxe5 R8b7 38. h4 gxh4 39. gxh4
Rxh4 40. Rg3 Nf6 41. Rgc3 Nd5 42. Rg3 Rh7 43. a5 f4 44. Rf3 Rh5 45. Bxf4 Nxf4
46. Rxf4+ Ke7 47. a6 Rb1 48. Ka2 Rb8 49. Rc7+ Kd6 50. Rb7 Rxb7 51. axb7 Rb5 52.
Rf7 a6 53. Rh7 Kc6 54. Re7 Kd5 55. Rh7 e5 56. Ka3 Kd4 57. Rd7+ Ke3 58. Re7 e4
59. Rd7 Ke2 60. Rf7 e3 61. Re7 Kd2 62. Rd7+ Ke1 63. Re7 e2 64. Rd7 a5 65. Ka4
Rb4+ 66. Kxa5 Rb3 67. Ka6 Kf2 68. Rd2 Ke3 69. Rxe2+ Kxe2 70. Ka7 Rxb7+ 1/2-1/2

[Event "2. Bundesliga Mitte 2012/2013"]
[Site "Bad Schallerbach"]
[Date "2012.10.19"]
[Round "1"]
[Board "6"]
[White "Rieger, Robert"]
[Black "Teuschler, Hugo"]
[Result "1-0"]
[WhiteElo "2124"]
[BlackElo "2031"]
[PlyCount "71"]
[EventDate "2012.10.19"]
[EventType "team"]
[EventRounds "11"]
[EventCountry "AUT"]
[WhiteTeam "Schachclub MPOE Maria Saal"]
[BlackTeam "StrassenbahnGraz"]

1. e4 c5 2. Nf3 d6 3. d4 cxd4 4. Nxd4 Nf6 5. Nc3 a6 6. Be3 e5 7. Nb3 Be7 8. h3
O-O 9. Qe2 Nc6 10. f4 exf4 11. Bxf4 Ne5 12. O-O-O Qc7 13. g4 Be6 14. Nd4 Rfe8
15. Nf5 Bf8 16. g5 Nfd7 17. Qd2 Rad8 18. Nxd6 Bxd6 19. Qxd6 Qxd6 20. Rxd6 Ng6
21. Bg3 Nde5 22. Rxd8 Rxd8 23. Bg2 b5 24. Rd1 Rxd1+ 25. Nxd1 f6 26. gxf6 gxf6
27. Ne3 Kf8 28. b3 Ke7 29. Kd2 a5 30. Kc3 Kd7 31. Kd4 Ne7 32. c4 N7c6+ 33. Kc3
bxc4 34. Nxc4 Nxc4 35. bxc4 Nb4 36. a3 1-0

[Event "2. Bundesliga Mitte 2012/2013"]
[Site "Bad Schallerbach"]
[Date "2012.10.19"]
[Round "1"]
[Board "1"]
[White "Pilaj, Herwig"]
[Black "Renner, Christoph"]
[Result "1-0"]
[WhiteElo "2345"]
[BlackElo "2458"]
[PlyCount "81"]
[EventDate "2012.10.19"]
[EventType "team"]
[EventRounds "11"]
[EventCountry "AUT"]
[WhiteTeam "SC Die Klagenfurter"]
[BlackTeam "Spg. Sauwald"]

1. c4 e5 2. g3 Nf6 3. Bg2 c6 4. Nf3 d6 5. Nc3 Be7 6. O-O O-O 7. Qc2 Re8 8. d4
Nbd7 9. h3 a6 10. a3 Bf8 11. dxe5 Nxe5 12. Nxe5 dxe5 13. Bg5 h6 14. Rfd1 Qe7
15. Be3 Be6 16. Na4 Rad8 17. Nc5 Bc8 18. b4 Nh7 19. Kh2 f5 20. Rxd8 Rxd8 21.
Rd1 Re8 22. Bc1 Qf7 23. Nb3 Nf6 24. c5 Qh5 25. Na5 f4 26. Nc4 Bf5 27. Qb2 Be4
28. Nd6 Bxd6 29. cxd6 fxg3+ 30. fxg3 Bxg2 31. Kxg2 Qf5 32. Qb3+ Kh8 33. Qf3 Qc2
34. Rf1 e4 35. Qf5 Qxe2+ 36. Rf2 Qb5 37. Qg6 Qh5 38. Rxf6 Qxg6 39. Rxg6 Kh7 40.
d7 Rd8 41. Rd6 1-0

[Event "2. Bundesliga Mitte 2012/2013"]
[Site "Bad Schallerbach"]
[Date "2012.10.19"]
[Round "1"]
[Board "3"]
[White "Genser, Harald"]
[Black "Schmidt, Peter"]
[Result "1/2-1/2"]
[WhiteElo "2290"]
[BlackElo "2386"]
[PlyCount "74"]
[EventDate "2012.10.19"]
[EventType "team"]
[EventRounds "11"]
[EventCountry "AUT"]
[WhiteTeam "SC Die Klagenfurter"]
[BlackTeam "Spg. Sauwald"]

1. d4 d5 2. c4 dxc4 3. Nf3 Nf6 4. e3 Bg4 5. Bxc4 Nbd7 6. O-O e6 7. h3 Bh5 8.
Nc3 Bb4 9. Be2 O-O 10. Qb3 c5 11. dxc5 Qa5 12. Bd2 Nxc5 13. Qc4 Ncd7 14. a3 Be7
15. b4 Qb6 16. Qa2 a5 17. Na4 Qc6 18. Nd4 Qe4 19. f3 Qe5 20. f4 Qd6 21. Bxh5
Nxh5 22. bxa5 Qa6 23. Bb4 Rfe8 24. Qe2 Qxe2 25. Nxe2 Bd8 26. Rfd1 Nhf6 27. Nc5
Nxc5 28. Bxc5 Bxa5 29. Rab1 b6 30. Bd4 h6 31. Bxf6 gxf6 32. Nd4 Red8 33. Kf2
Rac8 34. Rdc1 Rc5 35. Rxc5 bxc5 36. Nc6 Rd2+ 37. Kf3 Bc3 1/2-1/2

[Event "2. Bundesliga Mitte 2012/2013"]
[Site "Bad Schallerbach"]
[Date "2012.10.19"]
[Round "1"]
[Board "4"]
[White "Hiermann, Dietmar"]
[Black "Petschar, Kurt"]
[Result "0-1"]
[WhiteElo "2311"]
[BlackElo "2295"]
[PlyCount "74"]
[EventDate "2012.10.19"]
[EventType "team"]
[EventRounds "11"]
[EventCountry "AUT"]
[WhiteTeam "Spg. Sauwald"]
[BlackTeam "SC Die Klagenfurter"]

1. e4 c5 2. Nc3 e6 3. Nf3 a6 4. d3 Nc6 5. Bf4 d5 6. Be2 Nf6 7. h3 Be7 8. O-O
O-O 9. Re1 d4 10. Nb1 Nd7 11. a4 e5 12. Bg3 Rb8 13. c4 Bf6 14. Na3 g6 15. Nc2
Bg7 16. Qd2 a5 17. Na3 f5 18. Bh4 Bf6 19. Bxf6 Nxf6 20. exf5 gxf5 21. Nh2 Kh8
22. Bf3 Re8 23. Bxc6 bxc6 24. Nf3 e4 25. Qf4 Rb7 26. dxe4 fxe4 27. Ng5 Qe7 28.
Re2 Qe5 29. Qh4 Rg7 30. Nxe4 Nxe4 31. Rae1 Bf5 32. Nb1 d3 33. Rxe4 Bxe4 34. g3
Qxb2 35. Rxe4 Qxb1+ 36. Kg2 Qb8 37. Rg4 Qd8 0-1

[Event "2. Bundesliga Mitte 2012/2013"]
[Site "Bad Schallerbach"]
[Date "2012.10.19"]
[Round "1"]
[Board "6"]
[White "Niederwieser, Peter"]
[Black "Hackl, David"]
[Result "1-0"]
[WhiteElo "2192"]
[BlackElo "1944"]
[PlyCount "35"]
[EventDate "2012.10.19"]
[EventType "team"]
[EventRounds "11"]
[EventCountry "AUT"]
[WhiteTeam "Spg. Sauwald"]
[BlackTeam "SC Die Klagenfurter"]

1. d4 Nf6 2. c4 e6 3. Nc3 Bb4 4. Qc2 O-O 5. a3 Bxc3+ 6. Qxc3 Ne4 7. Qc2 f5 8.
g3 b6 9. Bg2 Bb7 10. Nh3 Qc8 11. O-O d6 12. b3 Nd7 13. Bb2 Nef6 14. f3 Qe8 15.
Rae1 h6 16. e3 a5 17. Nf2 Qh5 18. Nd3 1-0

[Event "2. Bundesliga Mitte 2012/2013"]
[Site "Bad Schallerbach"]
[Date "2012.10.19"]
[Round "1"]
[Board "1"]
[White "Farago, Ivan"]
[Black "Haba, Petr"]
[Result "0-1"]
[WhiteElo "2488"]
[BlackElo "2463"]
[PlyCount "78"]
[EventDate "2012.10.19"]
[EventType "team"]
[EventRounds "11"]
[EventCountry "AUT"]
[WhiteTeam "Schachklub Sparkasse Fuerstenfeld"]
[BlackTeam "Spg. Grieskirchen/B.Schallerbach"]

1. d4 d5 2. c4 c6 3. Nc3 Nf6 4. e3 a6 5. Qc2 g6 6. Bd3 Bg7 7. Nf3 O-O 8. O-O b5
9. cxd5 cxd5 10. Bd2 Bb7 11. b4 Nc6 12. Ne2 Ne4 13. a4 Nd6 14. axb5 axb5 15.
Bc3 Nc4 16. Nd2 Qd6 17. Nb3 Nxb4 18. Bxb4 Qxb4 19. Nc5 Bc6 20. Na6 Qd6 21. Qc3
Rfc8 22. Qb4 Qd8 23. Nc5 e6 24. h3 Bf8 25. Rfb1 Rxa1 26. Rxa1 Ra8 27. Rxa8 Qxa8
28. Nc3 Qa1+ 29. Nb1 Qb2 30. Qxb2 Nxb2 31. Bc2 Bxc5 32. dxc5 b4 33. Nd2 Kf8 34.
Kf1 Ke7 35. Ke1 Ba4 36. Bb1 Kd7 37. Nf3 f6 38. Kd2 Nd1 39. Ke1 e5 0-1

[Event "2. Bundesliga Mitte 2012/2013"]
[Site "Bad Schallerbach"]
[Date "2012.10.19"]
[Round "1"]
[Board "2"]
[White "Kilgus, Georg"]
[Black "Poetz, Florian"]
[Result "1/2-1/2"]
[WhiteElo "2400"]
[BlackElo "2411"]
[PlyCount "60"]
[EventDate "2012.10.19"]
[EventType "team"]
[EventRounds "11"]
[EventCountry "AUT"]
[WhiteTeam "Spg. Grieskirchen/B.Schallerbach"]
[BlackTeam "Schachklub Sparkasse Fuerstenfeld"]

1. Nf3 c5 2. c4 Nc6 3. Nc3 g6 4. g3 Bg7 5. Bg2 d6 6. O-O e5 7. a3 a5 8. Ne1 Be6
9. d3 Nge7 10. Nc2 d5 11. cxd5 Nxd5 12. Ne3 Nde7 13. Bd2 O-O 14. Ne4 b6 15. b4
axb4 16. axb4 Rxa1 17. Qxa1 cxb4 18. Qb2 b3 19. Ng5 Bc8 20. Qxb3 Nd4 21. Qd1
Nec6 22. Nd5 h6 23. Ne4 Be6 24. Nb4 Na5 25. e3 Nf5 26. Bc3 Nd6 27. Qa1 Nxe4 28.
Bxe4 Qc7 29. Nd5 Bxd5 30. Bxd5 Rd8 1/2-1/2

[Event "2. Bundesliga Mitte 2012/2013"]
[Site "Bad Schallerbach"]
[Date "2012.10.19"]
[Round "1"]
[Board "3"]
[White "Kuba, Guenter"]
[Black "Singer, Christoph"]
[Result "1/2-1/2"]
[WhiteElo "2387"]
[BlackElo "2325"]
[PlyCount "59"]
[EventDate "2012.10.19"]
[EventType "team"]
[EventRounds "11"]
[EventCountry "AUT"]
[WhiteTeam "Schachklub Sparkasse Fuerstenfeld"]
[BlackTeam "Spg. Grieskirchen/B.Schallerbach"]

1. e4 e5 2. Nf3 Nc6 3. Nc3 Nf6 4. d4 exd4 5. Nxd4 Bb4 6. Nxc6 bxc6 7. Bd3 O-O
8. O-O d5 9. exd5 cxd5 10. Bg5 c6 11. Na4 h6 12. Bh4 Re8 13. c4 g5 14. Bg3 Ne4
15. Qc2 Qf6 16. cxd5 cxd5 17. Bb5 Ba6 18. Bxe8 Rxe8 19. Qb3 Bxf1 20. Qxb4 Bc4
21. Nc3 Nxc3 22. bxc3 Re2 23. f3 a6 24. h4 Kh7 25. Bf2 Qe6 26. Qf8 Qe7 27. Qc8
Qe6 28. Qf8 Qe7 29. Qc8 Qe6 30. Qf8 1/2-1/2

[Event "2. Bundesliga Mitte 2012/2013"]
[Site "Bad Schallerbach"]
[Date "2012.10.19"]
[Round "1"]
[Board "4"]
[White "Schwabeneder, Florian"]
[Black "Schwarhofer, Christopher"]
[Result "1/2-1/2"]
[WhiteElo "2291"]
[BlackElo "2285"]
[PlyCount "70"]
[EventDate "2012.10.19"]
[EventType "team"]
[EventRounds "11"]
[EventCountry "AUT"]
[WhiteTeam "Spg. Grieskirchen/B.Schallerbach"]
[BlackTeam "Schachklub Sparkasse Fuerstenfeld"]

1. e4 c5 2. Nf3 d6 3. d4 cxd4 4. Nxd4 Nf6 5. Nc3 e5 6. Nb3 a6 7. Bg5 Nbd7 8.
Qd2 h6 9. Bxf6 Nxf6 10. Bc4 Be7 11. O-O O-O 12. a4 Qc7 13. Qd3 Bd7 14. Nd5 Nxd5
15. Bxd5 Rac8 16. c4 Kh8 17. a5 f5 18. Nd2 Bg5 19. exf5 Bxf5 20. Ne4 Bxe4 21.
Qxe4 Rf4 22. Qg6 Rf6 23. Qd3 Qc5 24. Bxb7 Rb8 25. Bf3 Rf4 26. Rad1 Rxb2 27.
Qxd6 Qxd6 28. Rxd6 e4 29. Bd1 Rfxf2 30. Rxf2 Be3 31. Rd8+ Kh7 32. Rdf8 Rb1 33.
Rd8 Rb2 34. Rdf8 Rb1 35. Rd8 Rb2 1/2-1/2

[Event "2. Bundesliga Mitte 2012/2013"]
[Site "Bad Schallerbach"]
[Date "2012.10.19"]
[Round "1"]
[Board "5"]
[White "Takacs, Balazs"]
[Black "Humer, Wolfgang"]
[Result "1/2-1/2"]
[WhiteElo "2348"]
[BlackElo "2268"]
[PlyCount "129"]
[EventDate "2012.10.19"]
[EventType "team"]
[EventRounds "11"]
[EventCountry "AUT"]
[WhiteTeam "Schachklub Sparkasse Fuerstenfeld"]
[BlackTeam "Spg. Grieskirchen/B.Schallerbach"]

1. e4 c5 2. Nf3 g6 3. d4 Bg7 4. dxc5 Qa5+ 5. c3 Qxc5 6. Na3 Nf6 7. Be3 Qa5 8.
Nc4 Qc7 9. e5 Ng4 10. Bf4 b5 11. h3 Nxf2 12. Kxf2 bxc4 13. Qd5 Bb7 14. Qxc4
Qb6+ 15. Kg3 Qxb2 16. Bd3 Ba6 17. Qe4 Qb7 18. Nd4 Nc6 19. Rab1 Bxd3 20. Qxd3
Qc8 21. Qe4 O-O 22. Nxc6 dxc6 23. e6 fxe6 24. Rhe1 Rf5 25. Qxe6+ Qxe6 26. Rxe6
Raf8 27. Bc7 Rc5 28. Rxe7 Rxc3+ 29. Kh2 Bf6 30. Rd7 Rf7 31. Rxf7 Kxf7 32. Rb7
Ke6 33. Rxa7 Bd4 34. Ra8 c5 35. a4 c4 36. a5 Ra3 37. Rd8 Be5+ 38. Bxe5 Kxe5 39.
Ra8 c3 40. a6 Kd4 41. a7 c2 42. Rd8+ Ke5 43. Rc8 Rxa7 44. Rxc2 Ra3 45. Rf2 h5
46. h4 Ra4 47. Kh3 Rg4 48. Ra2 Kf5 49. Ra8 Ke5 50. Ra6 Kf5 51. g3 Ke5 52. Kg2
Kf5 53. Kf3 Ke5 54. Kf2 Kf5 55. Ra3 Ke5 56. Rf3 Kd5 57. Re3 Kd4 58. Re8 Kd5 59.
Kf3 Kd4 60. Re2 Kd5 61. Re7 Kd4 62. Re6 Kd5 63. Ra6 Ke5 64. Ra5+ Kf6 65. Ra6+
1/2-1/2

[Event "2. Bundesliga Mitte 2012/2013"]
[Site "Bad Schallerbach"]
[Date "2012.10.19"]
[Round "1"]
[Board "6"]
[White "Schueller, Ernst"]
[Black "Hatzl, Stefan"]
[Result "0-1"]
[WhiteElo "2214"]
[BlackElo "2183"]
[PlyCount "124"]
[EventDate "2012.10.19"]
[EventType "team"]
[EventRounds "11"]
[EventCountry "AUT"]
[WhiteTeam "Spg. Grieskirchen/B.Schallerbach"]
[BlackTeam "Schachklub Sparkasse Fuerstenfeld"]

1. Nf3 Nf6 2. g3 g6 3. Bg2 Bg7 4. O-O O-O 5. c4 d6 6. Nc3 Nc6 7. a3 e5 8. d3
Bg4 9. Nd5 Nxd5 10. cxd5 Ne7 11. Qb3 Rb8 12. Be3 c5 13. dxc6 bxc6 14. Qa4 Qd7
15. Rab1 Nd5 16. Bd2 Nb6 17. Qc2 c5 18. b3 h6 19. Kh1 Bh3 20. a4 Nd5 21. Qc4
Be6 22. Qc1 Kh7 23. Ne1 Bh3 24. Qc4 Bxg2+ 25. Nxg2 Nb4 26. f4 exf4 27. Rxf4 Nc6
28. Rbf1 Ne5 29. Qd5 Qe6 30. Ne3 Qxd5+ 31. Nxd5 Rxb3 32. Bc3 f5 33. Bxe5 Bxe5
34. R4f3 Ra3 35. Rb1 Rf7 36. g4 Rxa4 37. gxf5 gxf5 38. Kg2 Rd4 39. Ne3 f4 40.
Nc4 Rg7+ 41. Kh1 Bf6 42. e4 Bg5 43. Re1 Re7 44. Kg2 d5 45. Nd6 dxe4 46. Nxe4
Kg6 47. Ra1 c4 48. Ra6+ Kg7 49. Nf2 cxd3 50. Nxd3 Red7 51. Nc5 Rd2+ 52. Kh3
R2d6 53. Rfa3 Rxa6 54. Rxa6 Rf7 55. Kg2 f3+ 56. Kf1 Be3 57. Nd3 Rb7 58. Ra1 Rb3
59. Rd1 Kf6 60. Ne1 Rb2 61. Rd3 Rf2+ 62. Kg1 Rg2+ 0-1

[Event "2. Bundesliga Mitte 2012/2013"]
[Site "Bad Schallerbach"]
[Date "2012.10.19"]
[Round "1"]
[Board "1"]
[White "Gergacz, Attila"]
[Black "Horvath, Adam"]
[Result "1/2-1/2"]
[WhiteElo "2393"]
[BlackElo "2485"]
[PlyCount "75"]
[EventDate "2012.10.19"]
[EventType "team"]
[EventRounds "11"]
[EventCountry "AUT"]
[WhiteTeam "SV Steyregg"]
[BlackTeam "RbEJ Gleisdorf"]

1. e4 c5 2. Nf3 Nc6 3. g3 d5 4. Nc3 d4 5. Nb1 Nf6 6. d3 g6 7. Bg2 Bg7 8. O-O e5
9. Nbd2 O-O 10. Nc4 Ne8 11. a4 Rb8 12. b3 b6 13. Ne1 Nd6 14. Nxd6 Qxd6 15. f4
f6 16. Nf3 a6 17. f5 gxf5 18. Nh4 fxe4 19. Bxe4 Ne7 20. Nf5 Nxf5 21. Rxf5 Bb7
22. Qf3 Bxe4 23. Qxe4 Qd7 24. Bd2 Rbe8 25. Raf1 Rf7 26. Bg5 Ref8 27. Bh4 b5 28.
axb5 axb5 29. g4 Qb7 30. Qxb7 Rxb7 31. Bxf6 Bxf6 32. Rxf6 Rxf6 33. Rxf6 c4 34.
Re6 Ra7 35. bxc4 bxc4 36. Rxe5 cxd3 37. cxd3 Ra3 38. Kf2 1/2-1/2